| 000 | 01166nam a2200325 a 4500 | ||
|---|---|---|---|
| 005 | 20240325113819.0 | ||
| 008 | 100325t1996||||ag f |||| 001 0 spa d | ||
| 020 | _aS/N | ||
| 041 | _aspa | ||
| 092 |
_c616.132 _l75 _sROM |
||
| 100 | 1 | _aRomero Villanueva, Horacio. | |
| 245 |
_aHipertensión arterial en el anciano / _cHoracio Romero Villanueva |
||
| 250 | _a1a ed. | ||
| 260 |
_aBuenos Aires: _bEdiciones Médicas Internacionales; _c1996. |
||
| 300 | _a184 p. | ||
| 500 | _aRomero Villanueva, H. y Farah, R. A. (1996). Hipertensión arterial en el anciano. (1a ed.). Buenos Aires : Ediciones Médicas Internacionales. | ||
| 653 | _aEpidemiología | ||
| 653 | _aFisiopatología | ||
| 653 | _aEstudio de la tensión arterial en el anciano | ||
| 653 | _aHipertensión de origen renal | ||
| 653 | _aHipertensión de origen renovascular | ||
| 653 | _aHipertensión de origen suprarrenal | ||
| 653 | _aHipertensión arterial y diabetes | ||
| 653 | _aAutorregulación cerebral | ||
| 653 | _aTratamiento no farmacológico | ||
| 653 | _aRehabilitación cardiovascular | ||
| 653 | _aFarmacología | ||
| 700 | 1 | _aFarah, Rubén Angel | |
| 942 |
_2ddc _cBK |
||
| 999 |
_c2233 _d2233 |
||